VCT Champions 2024 Rosters - Statistics

General Stats
  • This quiz has been taken 893 times
    757 since last reset
  • The average score is 71 of 96
Answer Stats
Hint Answer % Correct
Americas #1 aspas
95%
Americas #4 TenZ
94%
Americas #4 zekken
93%
EMEA #1 Boaster
92%
EMEA #1 Derke
92%
Americas #4 johnqt
92%
Americas #4 Sacy
92%
Americas #1 tex
92%
EMEA #3 Boo
91%
EMEA #3 MiniBoo
91%
Americas #4 Zellsis
91%
Americas #1 C0M
90%
EMEA #1 Chronicle
90%
China #1 ZmjjKK
90%
EMEA #1 Alfajer
89%
EMEA #3 benjyfishy
89%
Pacific #3 f0rsaken
89%
Pacific #3 Jinggg
89%
Americas #2 icy
88%
Americas #1 kiNgg
88%
Pacific #3 something
88%
Pacific #1 t3xture
88%
Americas #2 valyn
88%
Pacific #3 d4v41
87%
EMEA #1 hiro
87%
Americas #2 JonahP
87%
Americas #1 Mazino
87%
Americas #2 trent
87%
EMEA #3 Wo0t
87%
Americas #2 leaf
86%
Pacific #3 mindfreak
86%
EMEA #3 RieNs
86%
Pacific #1 Meteor
85%
Pacific #2 BuZz
84%
Pacific #2 MaKo
84%
Pacific #1 Karon
83%
Pacific #1 Lakia
83%
Pacific #1 Munchkin
83%
EMEA #2 Sayf
83%
China #1 CHICHOO
82%
Americas #3 keznit
81%
China #1 S1Mon
81%
EMEA #4 cNed
79%
China #1 nobody
79%
Pacific #4 primmie
79%
China #1 Smoggy
79%
Pacific #2 Flashback
74%
Pacific #2 Foxy9
74%
EMEA #2 trexx
74%
EMEA #4 ATA KAPTAN
72%
China #2 Life
70%
Pacific #4 ban
69%
Pacific #2 BeYN
69%
Americas #3 Shyy
68%
China #2 Autumn
67%
Pacific #4 Crws
67%
EMEA #1 FNATIC
67%
Pacific #4 Governor
67%
EMEA #2 Kicks
67%
Americas #1 Leviatán
67%
Americas #3 Melser
67%
Americas #4 Sentinels
67%
Americas #2 G2 Esports
66%
Pacific #3 Paper Rex
66%
EMEA #2 runneR
66%
EMEA #3 Team Heretics
66%
EMEA #4 yetujey
66%
China #1 EDward Gaming
65%
Pacific #1 Gen.G
65%
Pacific #2 DRX
64%
Americas #3 KRÜ Esports
64%
EMEA #4 MrFaliN
64%
EMEA #2 Team Vitality
63%
EMEA #2 ceNder
62%
Americas #3 heat
62%
Pacific #4 Talon Esports
62%
China #3 Trace Esports
62%
China #2 FunPlus Phoenix
61%
EMEA #4 FUT Esports
61%
China #4 Bilibili Gaming
59%
Pacific #4 JitboyS
59%
China #3 Kai
59%
EMEA #4 qRaxs
59%
China #2 AAAAY
58%
Americas #3 mta
57%
China #4 whzy
57%
China #2 BerLIN
56%
China #3 Biank
56%
China #3 FengF
53%
China #3 heybay
50%
China #4 Knight
50%
China #4 yosemite
49%
China #2 Lysoar
47%
China #3 LuoK1ng
41%
China #4 nephh
37%
China #4 Flex1n
28%
No matching quizzes found
Score Distribution
Percent of People with Each Score
Percentile by Number Answered
Your Score History
You have not taken this quiz since the last reset